|
|
|
|
| LEADER |
00000nam0a2200000 4500 |
| 001 |
203905 |
| 005 |
20231031185944.0 |
| 010 |
|
|
|a 5020170968
|
| 020 |
|
|
|a RU
|b 91-34711
|
| 035 |
|
|
|a (RuTPU)RU\TPU\book\222228
|
| 090 |
|
|
|a 203905
|
| 100 |
|
|
|a 20111114d1991 k y0rusy5003 ca
|
| 101 |
0 |
|
|a rus
|
| 102 |
|
|
|a RU
|
| 105 |
|
|
|a y z 001zy
|
| 200 |
1 |
|
|a Японская экономика в преддверии XXI века (Становление конкурентного корпоративно-государственного капитализма)
|f С. В. Брагинский [и др.]
|g Академия наук СССР (АН СССР), Институт мировой экономики и международных отношений (ИМЭМО)
|
| 210 |
|
|
|a Москва
|c Наука
|d 1991
|
| 215 |
|
|
|a 406 с.
|d 22 см.
|
| 300 |
|
|
|a Авт. указаны на обороте тит. л.
|
| 300 |
|
|
|a Рез.: англ.
|
| 320 |
|
|
|a Библиогр. в примеч.: с. 360-402.
|
| 610 |
1 |
|
|a Япония
|
| 610 |
1 |
|
|a экономика
|
| 610 |
1 |
|
|a 20 век
|
| 610 |
1 |
|
|a 21 век
|
| 610 |
1 |
|
|a корпоративно-государственный капитализм
|
| 610 |
1 |
|
|a экономическое развитие
|
| 610 |
1 |
|
|a научно-технический прогресс
|
| 610 |
1 |
|
|a корпорации
|
| 610 |
1 |
|
|a НИОКР
|
| 610 |
1 |
|
|a экономический рост
|
| 610 |
1 |
|
|a кредит
|
| 610 |
1 |
|
|a деньги
|
| 610 |
1 |
|
|a интернационализация
|
| 686 |
|
|
|a У9(5Я)
|2 rubbk
|
| 701 |
|
1 |
|a Брагинский
|b С. В.
|
| 701 |
|
1 |
|a Демченко
|b Д. М.
|
| 701 |
|
1 |
|a Зайцев
|b В. К.
|
| 701 |
|
1 |
|a Коллонтай
|b А. В.
|
| 701 |
|
1 |
|a Леонтьева
|b Е. Л.
|
| 712 |
0 |
2 |
|a Академия наук СССР (АН СССР)
|b Институт мировой экономики и международных отношений (ИМЭМО)
|c (Москва)
|2 stltpush
|3 (RuTPU)RU\TPU\col\11484
|
| 801 |
|
0 |
|a RU
|b RuMRKP
|c 19960705
|g psbo
|
| 801 |
|
1 |
|a RU
|b 63413507
|c 20111114
|
| 801 |
|
2 |
|a RU
|b 63413507
|c 20111118
|g RCR
|
| 942 |
|
|
|c BK
|